000 00645nam a2200241Ia 4500
003 OSt
005 20220918222403.0
006 a|||||r|||| 00| 0
007 ta
008 220917b |||||||| |||| 00| 0 eng d
024 _a216,753
037 _cTextual
040 _aARTS
_cARTS
_beng
041 _2eng
_aeng
082 _a(:f), P3
100 _aLaws Sophie
_9143047
245 0 _aResearch for development
_b a practical guide
260 _aNew Delhi
_bVistaar Publications
_c2003
300 _axiii, 475p
_ccm.
650 _aRESEARCH METHODS
942 _h(:f), P3
_cTEXL
_2CC
999 _c275419
_d275419